<?xml version="1.0" encoding="UTF-8"?>
<collection xmlns="http://www.loc.gov/MARC21/slim">
 <record>
  <leader>02201pam a22002538a 4500</leader>
  <controlfield tag="001">00045840</controlfield>
  <controlfield tag="008">161201s2015                  ||||||Viesd</controlfield>
  <controlfield tag="005">20201012101053.0</controlfield>
  <datafield tag="020" ind1="#" ind2="#">
   <subfield code="c">90000</subfield>
   <subfield code="a">9786049653957</subfield>
  </datafield>
  <datafield tag="041" ind1="0" ind2="#">
   <subfield code="a">Vie</subfield>
  </datafield>
  <datafield tag="082" ind1="1" ind2="4">
   <subfield code="a">530.078</subfield>
   <subfield code="b">GI108TR</subfield>
  </datafield>
  <datafield tag="100" ind1="#" ind2="#">
   <subfield code="a">Nguyễn, Hoàng Anh</subfield>
   <subfield code="e">Chủ biên</subfield>
  </datafield>
  <datafield tag="245" ind1="1" ind2="0">
   <subfield code="a">Giáo trình sử dụng thí nghiệm trong dạy học vật lí</subfield>
   <subfield code="c">Nguyễn Hoàng Anh (ch.b); Quách Nguyễn Bảo Nguyên, Phan Thị Thùy Linh</subfield>
  </datafield>
  <datafield tag="260" ind1="#" ind2="#">
   <subfield code="a">Cần Thơ</subfield>
   <subfield code="c">2020</subfield>
   <subfield code="b">Đại học Cần Thơ</subfield>
  </datafield>
  <datafield tag="300" ind1="#" ind2="#">
   <subfield code="a">162tr.</subfield>
   <subfield code="c">24cm</subfield>
  </datafield>
  <datafield tag="653" ind1="#" ind2="#">
   <subfield code="a">Dạy học</subfield>
  </datafield>
  <datafield tag="653" ind1="#" ind2="#">
   <subfield code="a">Vật lí</subfield>
  </datafield>
  <datafield tag="653" ind1="#" ind2="#">
   <subfield code="a">Thí nghiệm</subfield>
  </datafield>
  <datafield tag="653" ind1="#" ind2="#">
   <subfield code="a">Giáo trình</subfield>
  </datafield>
  <datafield tag="653" ind1="#" ind2="#">
   <subfield code="a">Phương pháp</subfield>
  </datafield>
  <datafield tag="700" ind1="1" ind2="#">
   <subfield code="e">Quách, Nguyễn Bảo Nguyên,</subfield>
  </datafield>
  <datafield tag="700" ind1="1" ind2="#">
   <subfield code="e">Phan, Thị Thùy Linh</subfield>
  </datafield>
  <datafield tag="852" ind1="#" ind2="#">
   <subfield code="j">KGT.0060517</subfield>
   <subfield code="j">KGT.0060544</subfield>
   <subfield code="j">KGT.0060593</subfield>
   <subfield code="j">KGT.0060497</subfield>
   <subfield code="j">KGT.0060500</subfield>
   <subfield code="j">KGT.0060504</subfield>
   <subfield code="j">KGT.0060505</subfield>
   <subfield code="j">KGT.0060507</subfield>
   <subfield code="j">KGT.0060536</subfield>
   <subfield code="j">KGT.0060546</subfield>
   <subfield code="j">KGT.0060554</subfield>
   <subfield code="j">KGT.0060560</subfield>
   <subfield code="j">KGT.0060575</subfield>
   <subfield code="j">KGT.0060580</subfield>
   <subfield code="j">KGT.0060549</subfield>
   <subfield code="j">KGT.0060551</subfield>
   <subfield code="j">KGT.0060553</subfield>
   <subfield code="j">KGT.0060559</subfield>
   <subfield code="j">KGT.0060561</subfield>
   <subfield code="j">KGT.0060577</subfield>
   <subfield code="j">KGT.0060578</subfield>
   <subfield code="j">KGT.0060579</subfield>
   <subfield code="j">KGT.0060588</subfield>
   <subfield code="j">KGT.0060591</subfield>
   <subfield code="j">KGT.0060541</subfield>
   <subfield code="j">KGT.0060572</subfield>
   <subfield code="j">KGT.0060586</subfield>
   <subfield code="j">KGT.0060516</subfield>
   <subfield code="j">KGT.0060552</subfield>
   <subfield code="j">KGT.0060571</subfield>
   <subfield code="j">KGT.0060587</subfield>
   <subfield code="j">KGT.0060570</subfield>
   <subfield code="j">KGT.0060525</subfield>
   <subfield code="j">KGT.0060529</subfield>
   <subfield code="j">KGT.0060563</subfield>
   <subfield code="j">KGT.0060522</subfield>
   <subfield code="j">KGT.0060532</subfield>
   <subfield code="j">KGT.0060590</subfield>
   <subfield code="j">KGT.0060521</subfield>
   <subfield code="j">KGT.0060523</subfield>
   <subfield code="j">KGT.0060530</subfield>
   <subfield code="j">KGT.0060534</subfield>
   <subfield code="j">KGT.0060557</subfield>
   <subfield code="j">KGT.0060528</subfield>
   <subfield code="j">KGT.0060558</subfield>
   <subfield code="j">KGT.0060562</subfield>
   <subfield code="j">KGT.0060576</subfield>
   <subfield code="j">KGT.0060527</subfield>
   <subfield code="j">KGT.0060564</subfield>
   <subfield code="j">KGT.0060568</subfield>
   <subfield code="j">KGT.0060574</subfield>
   <subfield code="j">KGT.0060584</subfield>
   <subfield code="j">KGT.0060589</subfield>
   <subfield code="j">KGT.0060526</subfield>
   <subfield code="j">KGT.0060533</subfield>
   <subfield code="j">KGT.0060585</subfield>
   <subfield code="j">KGT.0060539</subfield>
   <subfield code="j">KGT.0060573</subfield>
   <subfield code="j">KGT.0060569</subfield>
   <subfield code="j">KGT.0060567</subfield>
   <subfield code="j">KGT.0060582</subfield>
   <subfield code="j">KGT.0060566</subfield>
   <subfield code="j">KGT.0060581</subfield>
   <subfield code="j">KGT.0060515</subfield>
   <subfield code="j">KGT.0060519</subfield>
   <subfield code="j">KGT.0060531</subfield>
   <subfield code="j">KGT.0060543</subfield>
   <subfield code="j">KGT.0060565</subfield>
   <subfield code="j">KGT.0060583</subfield>
   <subfield code="j">KGT.0060592</subfield>
   <subfield code="j">KGT.0060496</subfield>
   <subfield code="j">KGT.0060498</subfield>
   <subfield code="j">KGT.0060512</subfield>
   <subfield code="j">KGT.0060538</subfield>
   <subfield code="j">KGT.0060550</subfield>
   <subfield code="j">KD.0027344</subfield>
   <subfield code="j">KGT.0060499</subfield>
   <subfield code="j">KGT.0060511</subfield>
   <subfield code="j">KGT.0060537</subfield>
   <subfield code="j">KGT.0060540</subfield>
   <subfield code="j">KGT.0060502</subfield>
   <subfield code="j">KGT.0060503</subfield>
   <subfield code="j">KGT.0060555</subfield>
   <subfield code="j">KGT.0060556</subfield>
   <subfield code="j">KGT.0060501</subfield>
   <subfield code="j">KGT.0060506</subfield>
   <subfield code="j">KGT.0060508</subfield>
   <subfield code="j">KGT.0060509</subfield>
   <subfield code="j">KGT.0060510</subfield>
   <subfield code="j">KGT.0060513</subfield>
   <subfield code="j">KGT.0060514</subfield>
   <subfield code="j">KGT.0060518</subfield>
   <subfield code="j">KGT.0060520</subfield>
   <subfield code="j">KGT.0060524</subfield>
   <subfield code="j">KGT.0060535</subfield>
   <subfield code="j">KGT.0060542</subfield>
   <subfield code="j">KGT.0060545</subfield>
   <subfield code="j">KGT.0060547</subfield>
   <subfield code="j">KGT.0060548</subfield>
  </datafield>
  <datafield tag="980" ind1="#" ind2="#">
   <subfield code="a">Trung tâm Học liệu Lê Vũ Hùng, Trường Đại học Đồng Tháp</subfield>
  </datafield>
 </record>
</collection>
